Normal view
MARC view
- التجارة الدولية- الاتفاقيات الدولية
Entry Topical Term
001 - CONTROL NUMBER
- control field: 50043
003 - CONTROL NUMBER IDENTIFIER
- control field: JO-AjAnu
005 - DATE AND TIME OF LATEST TRANSACTION
- control field: 20230606082237.0
008 - FIXED-LENGTH DATA ELEMENTS
- fixed length control field: 230606|| aca||aabn | a|a d
040 ## - CATALOGING SOURCE
- Original cataloging agency: JO-AjAnu
- Transcribing agency: JO-AjAnu
150 ## - HEADING--TOPICAL TERM
- Topical term or geographic name entry element: التجارة الدولية- الاتفاقيات الدولية
670 ## - SOURCE DATA FOUND
- Source citation: Work cat.: (JO-AjAnu)25586: الوحش، موسى علي, author 50042, الجات وائرها على الخدمات المصرفية في الاردن